[Event "37th ECC Open 2022"]
[Site "Mayrhofen AUT"]
[Date "2022.10.05"]
[Round "3.8"]
[Board "6"]
[White "Bernadskiy, Vitaliy"]
[Black "Sparwel, Oliver"]
[Result "1-0"]
[WhiteTitle "GM"]
[WhiteElo "2570"]
[BlackElo "1976"]
[WhiteTeam "Silla - València Origin of Chess"]
[BlackTeam "De Sprènger Echternach"]
[WhiteFideId "14100371"]
[BlackFideId "4002660"]
[EventDate "2022.10.03"]

1. e4 d6 2. d4 Nf6 3. Nc3 g6 4. Bg5 Nbd7 5. f4 h6 6. Bh4 Bg7 7. Qd2 c5 8. d5 a6
9. Nf3 Qc7 10. a4 O-O 11. Bc4 Kh7 12. O-O b6 13. Rae1 Ng8 14. h3 Bb7 15. g4 Rae8
16. Bg3 Bxc3 17. bxc3 Bc8 18. f5 Ne5 19. Bxe5 dxe5 20. Qh2 Nf6 21. Qxe5 Qxe5 22.
Nxe5 gxf5 23. exf5 Kg7 24. Nc6 Bb7 25. Rb1 Ne4 26. Rxb6 Bxc6 27. dxc6 Nxc3 28.
Rb7 Nxa4 29. Rxe7 Kf6 30. Rxe8 Rxe8 31. Bxa6 Nb6 32. c7 1-0

[Event "37th ECC Open 2022"]
[Site "Mayrhofen AUT"]
[Date "2022.10.05"]
[Round "3.9"]
[Board "1"]
[White "Blomqvist, Erik"]
[Black "Alinasab, Mobina"]
[Result "1-0"]
[WhiteTitle "GM"]
[BlackTitle "WIM"]
[WhiteElo "2526"]
[BlackElo "2314"]
[WhiteTeam "SK Rockaden"]
[BlackTeam "Denizsu Aquamatch"]
[WhiteFideId "1709437"]
[BlackFideId "12528897"]
[EventDate "2022.10.03"]

1. e4 c5 2. Nf3 d6 3. Bc4 Nf6 4. d3 a6 5. O-O Nc6 6. Re1 e6 7. d4 cxd4 8. Nxd4
Qc7 9. Bf1 Be7 10. c4 O-O 11. Nc3 b6 12. Nxc6 Qxc6 13. b3 b5 14. Ba3 Rb8 15. e5
b4 16. exf6 Bxf6 17. Bxb4 Rxb4 18. Rc1 Rb8 19. Rc2 Bb7 20. b4 Qc7 21. a3 Rfd8
22. Ne4 Be7 23. Qh5 h6 24. Bd3 Qc6 25. Re3 Qe8 26. Rg3 Bxe4 27. Bxe4 Kh8 28. Qa5
Bf6 29. Qxa6 d5 30. cxd5 exd5 31. Bf5 Qe5 32. Rf3 Ra8 33. Qf1 Re8 34. g3 Qd6 35.
Qb5 d4 36. Bd3 Re5 37. Qb7 Rf8 38. Rc7 Kg8 39. Kg2 Re7 40. Rxe7 Qxe7 41. Qd5 Qe6
42. Qxe6 fxe6 43. Bg6 Rc8 44. h4 Rc3 45. h5 Kf8 46. a4 Rc4 47. a5 Rxb4 48. Ra3
Rb7 49. a6 Ra7 50. Be4 Ke7 51. Bb7 Kd6 52. Ra5 Kc7 53. Rb5 Kd6 54. Kf3 Ke7 55.
Ke4 Kd6 56. f4 Kc7 57. g4 Kd6 58. g5 Bd8 59. Kxd4 Bc7 60. Ke4 Bd8 61. Kf3 Kd7
62. Kg4 Kd6 63. Rb1 Ke7 64. Rc1 Kd7 65. Rd1+ Ke7 66. Kf3 Ke8 67. Rg1 hxg5 68.
fxg5 Kf7 69. g6+ Kf8 70. Rc1 Bg5 71. Rc8+ Ke7 72. Rc7+ Kf8 73. Ke4 Bf6 74. h6 1-0

[Event "37th ECC Open 2022"]
[Site "Mayrhofen AUT"]
[Date "2022.10.05"]
[Round "3.9"]
[Board "2"]
[White "Baglan, Esat"]
[Black "Seo, Jung Min"]
[Result "1/2-1/2"]
[WhiteTitle "FM"]
[BlackTitle "IM"]
[WhiteElo "2331"]
[BlackElo "2520"]
[WhiteTeam "Denizsu Aquamatch"]
[BlackTeam "SK Rockaden"]
[WhiteFideId "6309216"]
[BlackFideId "1734687"]
[EventDate "2022.10.03"]

1. e4 e6 2. d4 d5 3. e5 c5 4. c3 Qb6 5. Nf3 Nc6 6. Be2 cxd4 7. cxd4 Nge7 8. Na3
Nf5 9. Nc2 Nb4 10. Ne3 Nxe3 11. Bxe3 Bd7 12. a3 Na6 13. O-O Be7 14. Ne1 O-O 15.
Nd3 Rfc8 16. Qd2 Ba4 17. Rac1 Bb5 18. f4 Rxc1 19. Rxc1 Qd8 20. Bd1 Rc8 21. Rxc8
Qxc8 22. Bc2 Nb8 23. a4 Bd7 24. Nc5 Be8 25. Qc3 b6 26. Ne4 Qd8 27. Ng5 h6 28.
Nf3 Nc6 29. f5 exf5 30. Bxf5 Bd7 31. e6 fxe6 32. Bxe6+ Bxe6 33. Qxc6 Bf5 34. Bf4
Be4 35. Ne5 Bf6 36. Qe6+ Kh7 37. Nc6 Qf8 38. Bd6 Qa8 39. Qd7 a5 40. Be7 Bxe7 41.
Nxe7 Qf8 42. Qe6 Bd3 43. h3 Qf1+ 44. Kh2 Qf4+ 45. Kh1 Qf1+ 46. Kh2 Qf4+ 1/2-1/2

[Event "37th ECC Open 2022"]
[Site "Mayrhofen AUT"]
[Date "2022.10.05"]
[Round "3.9"]
[Board "3"]
[White "Trost, Edvin"]
[Black "Citak, Selim"]
[Result "1/2-1/2"]
[WhiteTitle "FM"]
[BlackTitle "FM"]
[WhiteElo "2347"]
[BlackElo "2216"]
[WhiteTeam "SK Rockaden"]
[BlackTeam "Denizsu Aquamatch"]
[WhiteFideId "1729519"]
[BlackFideId "6301819"]
[EventDate "2022.10.03"]

1. d4 Nf6 2. c4 e6 3. Nf3 d5 4. g3 Be7 5. Bg2 O-O 6. O-O dxc4 7. Qc2 a6 8. a4
Bd7 9. Rd1 Bc6 10. Nc3 Bxf3 11. Bxf3 Nc6 12. Bxc6 bxc6 13. Bg5 Rb8 14. Bxf6 Bxf6
15. Rab1 a5 16. e3 Rb3 17. Ne4 Qd5 18. Rdc1 Rb4 19. Nc3 Qf5 20. Ne4 Rd8 21. Nd2
c5 22. Qxf5 exf5 23. Nxc4 cxd4 24. Nxa5 Rxa4 25. Nc6 Rd6 26. Nxd4 Bxd4 27. exd4
Rd7 28. b4 h5 29. Rc4 Ra2 30. b5 Re7 31. d5 Rd2 32. Rc5 Rd7 33. d6 R2xd6 34.
Rxf5 Rd5 35. Rxd5 Rxd5 36. b6 cxb6 37. Rxb6 g6 38. Kg2 Kg7 39. Kf3 Ra5 40. h3
Ra3+ 41. Kg2 Ra4 42. Rb3 Ra2 43. g4 hxg4 44. hxg4 g5 45. Kg3 Kg6 46. f3 f6 47.
f4 gxf4+ 48. Kxf4 Ra4+ 49. Kg3 Ra1 50. Rf3 Ra4 51. Rf4 Rxf4 52. Kxf4 Kg7 53. Kf5
Kf7 54. Ke4 Kg6 55. Kf4 Kg7 56. Kf5 Kf7 57. g5 fxg5 58. Kxg5 1/2-1/2

[Event "37th ECC Open 2022"]
[Site "Mayrhofen AUT"]
[Date "2022.10.05"]
[Round "3.9"]
[Board "4"]
[White "Erten, Kerem"]
[Black "Kenneskog, Theodor"]
[Result "1/2-1/2"]
[WhiteTitle "CM"]
[BlackTitle "FM"]
[WhiteElo "2040"]
[BlackElo "2320"]
[WhiteTeam "Denizsu Aquamatch"]
[BlackTeam "SK Rockaden"]
[WhiteFideId "34588221"]
[BlackFideId "1715011"]
[EventDate "2022.10.03"]

1. e4 c5 2. Nf3 d6 3. Bb5+ Nd7 4. O-O a6 5. Bd3 Ngf6 6. Re1 e6 7. c3 b5 8. Bc2
c4 9. b3 Bb7 10. Na3 Rc8 11. bxc4 bxc4 12. Rb1 Ba8 13. Qe2 Qc7 14. d3 cxd3 15.
Bxd3 Nc5 16. Bxa6 Nxa6 17. Qxa6 Bxe4 18. Nb5 Qd7 19. Rb2 Be7 20. Rd1 Bxf3 21.
Rxd6 Ra8 22. Rxd7 Rxa6 23. Rd3 O-O 24. gxf3 Rc8 25. Be3 Nd5 26. Bd4 Bg5 27. Rd1
h5 28. Ra1 f6 29. Re2 e5 30. Be3 Bxe3 31. fxe3 Rc5 32. a4 Rxb5 33. c4 Rba5 34.
cxd5 Rxd5 35. Rc2 Rd3 36. Kf2 Rb3 37. Ke2 Ra7 1/2-1/2

[Event "37th ECC Open 2022"]
[Site "Mayrhofen AUT"]
[Date "2022.10.05"]
[Round "3.9"]
[Board "5"]
[White "Hedman, Erik"]
[Black "Kazdagli, Benan"]
[Result "1-0"]
[WhiteTitle "IM"]
[WhiteElo "2322"]
[BlackElo "2005"]
[WhiteTeam "SK Rockaden"]
[BlackTeam "Denizsu Aquamatch"]
[WhiteFideId "1702351"]
[BlackFideId "6309925"]
[EventDate "2022.10.03"]

1. Nf3 Nf6 2. g3 g6 3. b3 Bg7 4. Bb2 O-O 5. Bg2 c5 6. c4 Nc6 7. O-O d6 8. Nc3
Bg4 9. h3 Bf5 10. d3 Bd7 11. e3 Re8 12. Qd2 Qa5 13. d4 cxd4 14. exd4 Rac8 15. d5
Nd8 16. Rad1 a6 17. Nd4 e5 18. dxe6 fxe6 19. Nc2 Bc6 20. Qxd6 Bxg2 21. Kxg2 Nc6
22. b4 Qh5 23. c5 Ne5 24. Ne3 Qf3+ 25. Kh2 Ne4 26. Nxe4 Qxe4 27. Bxe5 Bxe5 28.
Qd2 Bc7 29. Ng4 Rf8 30. Qc3 e5 31. Rde1 Qd4 32. Qxd4 exd4 33. f4 Kf7 34. Kg2 b6
35. cxb6 Bxb6 36. Ne5+ Kg7 37. Nd7 Rc2+ 38. Rf2 Rc6 39. Re7+ Kg8 40. Nxf8 d3 41.
Re6 Bxf2 42. Rxc6 1-0

[Event "37th ECC Open 2022"]
[Site "Mayrhofen AUT"]
[Date "2022.10.05"]
[Round "3.9"]
[Board "6"]
[White "Bektas, Cagan Erdem"]
[Black "Bator, Robert"]
[Result "0-1"]
[BlackTitle "IM"]
[WhiteElo "1715"]
[BlackElo "2353"]
[WhiteTeam "Denizsu Aquamatch"]
[BlackTeam "SK Rockaden"]
[WhiteFideId "44512660"]
[BlackFideId "1700405"]
[EventDate "2022.10.03"]

1. d4 d5 2. c4 e6 3. Nc3 a6 4. cxd5 exd5 5. Nf3 Nf6 6. Bg5 Be7 7. e3 c6 8. Bd3
Nh5 9. Bxe7 Qxe7 10. O-O O-O 11. Ne5 g6 12. Be2 Ng7 13. Na4 Nd7 14. Nxd7 Bxd7
15. Nb6 Rae8 16. Nxd7 Qxd7 17. b4 f5 18. a4 f4 19. exf4 Qe7 20. Bf3 Qxb4 21. Rb1
Qe7 22. g3 Rf7 23. Qd3 Qf6 24. Rb3 Nf5 25. Rd1 Nd6 26. Kg2 Rfe7 27. Rbb1 Nc4 28.
Qc3 Qd6 29. Ra1 Kg7 30. h4 Qf6 31. h5 g5 32. fxg5 Qxg5 33. Rh1 Kh6 34. Rad1 Rg7
35. Rd3 Nd6 36. Re1 Rxe1 37. Qxe1 Re7 38. Qb4 Nf5 39. Kf1 Qc1+ 40. Kg2 Qg5 41.
Kf1 Qf6 42. Qd2+ Kg7 43. Qf4 Nd6 44. Qg4+ Kh6 45. Qg8 Re8 46. Qg4 Qf5 47. Qxf5
Nxf5 48. Kg2 b5 49. axb5 axb5 50. Kh3 b4 51. Bg4 Nd6 52. Bd7 Rb8 53. Bxc6 b3 54.
Bxd5 b2 55. Ba2 Ra8 56. Rb3 Rxa2 57. Kg4 Nc4 58. Rb7 Ra6 0-1

[Event "37th ECC Open 2022"]
[Site "Mayrhofen AUT"]
[Date "2022.10.05"]
[Round "3.10"]
[Board "1"]
[White "Heberla, Bartlomiej"]
[Black "Aroshidze, Levan"]
[Result "1/2-1/2"]
[WhiteTitle "GM"]
[BlackTitle "GM"]
[WhiteElo "2562"]
[BlackElo "2519"]
[WhiteTeam "Moravská Slavia Brno"]
[BlackTeam "De Pluspion Wachtebeke"]
[WhiteFideId "1115120"]
[BlackFideId "13601865"]
[EventDate "2022.10.03"]

1. e4 c5 2. Nf3 e6 3. d4 cxd4 4. Nxd4 a6 5. c4 Nf6 6. Nc3 Qc7 7. Be2 Bb4 8. O-O
O-O 9. Bg5 Bxc3 10. Bxf6 Bb4 11. Bg5 b6 12. Qd3 Bb7 13. Rfd1 h6 14. Be3 Nc6 15.
Nb3 d6 16. a3 Bc5 17. Nxc5 dxc5 18. Qd7 Qb8 19. Qd6 Nd4 20. Qxb8 Nxe2+ 21. Kf1
Rfxb8 22. Kxe2 Bxe4 23. f3 Bc2 24. Rd6 b5 25. Rc1 Ba4 26. Ke1 bxc4 27. Rxc4 Bb3
28. Rxc5 a5 29. Bd2 a4 30. Bc3 Rd8 31. Rcc6 Rxd6 1/2-1/2

[Event "37th ECC Open 2022"]
[Site "Mayrhofen AUT"]
[Date "2022.10.05"]
[Round "3.10"]
[Board "2"]
[White "Milliet, Sophie"]
[Black "Neugebauer, Martin"]
[Result "0-1"]
[WhiteTitle "IM"]
[BlackTitle "IM"]
[WhiteElo "2363"]
[BlackElo "2517"]
[WhiteTeam "De Pluspion Wachtebeke"]
[BlackTeam "Moravská Slavia Brno"]
[WhiteFideId "623725"]
[BlackFideId "14923432"]
[EventDate "2022.10.03"]

1. e4 c5 2. Nf3 e6 3. c3 Nf6 4. e5 Nd5 5. d4 cxd4 6. cxd4 d6 7. Bc4 Nc6 8. O-O
Be7 9. Qe2 a6 10. Re1 h6 11. Bd2 Ndb4 12. Bxb4 Nxb4 13. Nc3 d5 14. Bb3 Bd7 15.
a3 Nc6 16. Bc2 Rc8 17. Qd3 Na5 18. Nd2 Bg5 19. Nb3 Nc4 20. Nc5 b6 21. Nxd7 Nxb2
22. Qg3 Qxd7 23. f4 Bxf4 24. Qxg7 Rf8 25. Rab1 Bd2 26. Rf1 Bxc3 27. Bg6 Bxd4+
28. Kh1 Qe7 29. Bh5 Nc4 30. Rxf7 Rxf7 31. Rf1 Nxe5 32. Bxf7+ Qxf7 33. Qh8+ Kd7
34. Rxf7+ Nxf7 0-1

[Event "37th ECC Open 2022"]
[Site "Mayrhofen AUT"]
[Date "2022.10.05"]
[Round "3.10"]
[Board "4"]
[White "Matnadze Bujiashvili, Ann"]
[Black "Kusa, Jakub"]
[Result "1/2-1/2"]
[WhiteTitle "IM"]
[BlackTitle "FM"]
[WhiteElo "2392"]
[BlackElo "2360"]
[WhiteTeam "De Pluspion Wachtebeke"]
[BlackTeam "Moravská Slavia Brno"]
[WhiteFideId "13601377"]
[BlackFideId "395595"]
[EventDate "2022.10.03"]

1. d4 d5 2. Nf3 e6 3. g3 c5 4. c4 dxc4 5. Qa4+ Nc6 6. dxc5 Nf6 7. Bg2 Bd7 8.
Qxc4 Qa5+ 9. Nbd2 Qxc5 10. O-O Be7 11. a3 O-O 12. Qxc5 Bxc5 13. b4 Be7 14. Bb2
Rac8 15. Rac1 Rfd8 16. Nb3 Be8 17. b5 Nb8 18. Nfd4 b6 19. Bb7 Rxc1 20. Rxc1 Rd7
21. Bf3 Nd5 22. a4 a6 23. h4 Kf8 24. h5 h6 25. Bg4 Rc7 26. Ra1 Bd7 27. Bf3 Rc8
28. Kg2 Nb4 29. Be4 Nd5 30. Bf3 Nb4 31. Bb7 Rc7 32. bxa6 N8xa6 33. Bf3 Nc2 34.
Nxc2 Rxc2 35. Bd4 Nc5 36. Nxc5 Bxc5 37. Bxc5+ Rxc5 38. Rb1 Bxa4 39. Rxb6 Rc8 40.
g4 Bd7 41. Kg3 Rc5 42. Rb7 Ke7 43. Ra7 Kd8 44. Kf4 Rc7 45. Ra5 f6 46. Ra8+ Rc8
47. Ra7 Rc7 48. Ra8+ Rc8 49. Ra7 Rc7 1/2-1/2

[Event "37th ECC Open 2022"]
[Site "Mayrhofen AUT"]
[Date "2022.10.05"]
[Round "3.10"]
[Board "5"]
[White "Roubalik, Jakub"]
[Black "Van Vliet, Dennis"]
[Result "1-0"]
[WhiteElo "2372"]
[BlackElo "2056"]
[WhiteTeam "Moravská Slavia Brno"]
[BlackTeam "De Pluspion Wachtebeke"]
[WhiteFideId "322237"]
[BlackFideId "209740"]
[EventDate "2022.10.03"]

1. c4 e6 2. Nc3 Nf6 3. Nf3 d5 4. cxd5 exd5 5. d4 c6 6. Bg5 Be7 7. Qc2 g6 8. e3
Bf5 9. Bd3 Bxd3 10. Qxd3 h6 11. Bf4 Nbd7 12. h3 Nf8 13. Bh2 Ne6 14. Ne5 Ng7 15.
g4 Nd7 16. O-O-O Nxe5 17. Bxe5 Bf6 18. f4 Qe7 19. e4 O-O-O 20. exd5 Bxe5 21.
dxe5 cxd5 22. Nxd5 Qc5+ 23. Kb1 Kb8 24. Qe4 h5 25. Nf6 Ka8 26. Rxd8+ Rxd8 27.
Rc1 Qb5 28. gxh5 gxh5 29. a4 Qa6 30. f5 Kb8 31. Rg1 Qb6 32. Rxg7 Rd1+ 33. Ka2 a6
34. Rxf7 Ka7 35. e6 Rd4 1-0

[Event "37th ECC Open 2022"]
[Site "Mayrhofen AUT"]
[Date "2022.10.05"]
[Round "3.10"]
[Board "6"]
[White "Koridze, Lile"]
[Black "Nemec, Jachym"]
[Result "1/2-1/2"]
[WhiteTitle "WFM"]
[BlackTitle "FM"]
[WhiteElo "2134"]
[BlackElo "2345"]
[WhiteTeam "De Pluspion Wachtebeke"]
[BlackTeam "Moravská Slavia Brno"]
[WhiteFideId "13612514"]
[BlackFideId "23716525"]
[EventDate "2022.10.03"]

1. d4 d5 2. c4 c6 3. Nf3 Nf6 4. e3 e6 5. Nbd2 c5 6. cxd5 exd5 7. dxc5 Bxc5 8.
Bb5+ Nc6 9. Qa4 Bd7 10. Nb3 Bd6 11. Bd2 O-O 12. O-O Ne4 13. Rfd1 Qf6 14. Bc3
Nxc3 15. bxc3 a6 16. Bxc6 bxc6 17. Qd4 Qh6 18. c4 Rad8 19. cxd5 cxd5 20. Rac1
Bb5 21. Qb2 Bc4 22. Na5 Rb8 23. Qc2 Ba3 24. Rb1 Qg6 25. e4 Rxb1 26. Rxb1 Bb5 27.
Nd4 dxe4 28. Nxb5 axb5 29. Rxb5 Rd8 30. Rb1 h5 31. Rd1 Rxd1+ 32. Qxd1 Bc5 33.
Nc4 Qf6 34. Ne3 Qc3 35. Qe2 g6 36. g3 Kg7 37. Kg2 Bd4 38. a4 f5 39. Nd5 Qc5 40.
Nf4 Qc6 41. Qa2 e3+ 42. f3 Be5 43. Nd3 Bd4 44. Nf4 Be5 1/2-1/2

[Event "37th ECC Open 2022"]
[Site "Mayrhofen AUT"]
[Date "2022.10.05"]
[Round "3.11"]
[Board "1"]
[White "Thybo, Jesper Sondergaard"]
[Black "Bauer, Christian"]
[Result "1/2-1/2"]
[WhiteTitle "GM"]
[BlackTitle "GM"]
[WhiteElo "2498"]
[BlackElo "2616"]
[WhiteTeam "Fjolnir"]
[BlackTeam "Schachgesellschaft Zürich"]
[WhiteFideId "1438832"]
[BlackFideId "603767"]
[EventDate "2022.10.03"]

1. d4 d5 2. c4 e6 3. Nf3 c6 4. Nbd2 Nf6 5. g3 Be7 6. Bg2 O-O 7. O-O b6 8. b3 Bb7
9. Bb2 Na6 10. e3 c5 11. Qe2 Rc8 12. Rfd1 Qc7 13. Rac1 Qb8 14. cxd5 Nxd5 15. Ne5
Nf6 16. Bxb7 Qxb7 17. Qf3 Qxf3 18. Ndxf3 Ne4 19. a3 f6 20. Nd3 Kf7 21. Kf1 b5
22. dxc5 Naxc5 23. Nxc5 Nxc5 24. Rc3 Ne4 25. Rcc1 e5 26. Ke2 Rxc1 27. Rxc1 Rd8
28. Rc2 Ke6 29. Ne1 Nc5 30. b4 Na4 31. Nd3 Nb6 32. Rc7 Rd7 33. Nc5+ Bxc5 34.
Rxc5 Na4 35. Rc2 Kd5 36. Rd2+ Kc6 37. Rc2+ Kd5 38. Rd2+ Ke6 39. Rc2 Kd5 1/2-1/2

[Event "37th ECC Open 2022"]
[Site "Mayrhofen AUT"]
[Date "2022.10.05"]
[Round "3.11"]
[Board "2"]
[White "Pelletier, Yannick"]
[Black "Ris, Robert"]
[Result "1/2-1/2"]
[WhiteTitle "GM"]
[BlackTitle "IM"]
[WhiteElo "2521"]
[BlackElo "2467"]
[WhiteTeam "Schachgesellschaft Zürich"]
[BlackTeam "Fjolnir"]
[WhiteFideId "1301837"]
[BlackFideId "1011480"]
[EventDate "2022.10.03"]

1. d4 d5 2. c4 e6 3. Nf3 Nf6 4. Nc3 h6 5. g3 Bd6 6. Bg2 Nc6 7. b3 O-O 8. O-O
dxc4 9. bxc4 e5 10. c5 exd4 11. Nxd4 Bxc5 12. Nxc6 bxc6 13. Qxd8 Rxd8 14. Bxc6
Rb8 15. Bf4 Bb7 16. Bxb7 Rxb7 17. Rab1 Rxb1 18. Rxb1 Bb6 19. Na4 Rd4 20. Nxb6
cxb6 21. Rb3 Ra4 22. a3 Ne4 23. f3 g5 24. Be5 f6 25. Bb2 Nc5 26. Rb4 Kf7 27. g4
Ke6 28. Kf2 Rxb4 29. axb4 Nb7 30. Ke3 a5 31. bxa5 bxa5 32. Kd4 Nd6 33. Kc5 Ne8
34. Kb5 Nd6+ 35. Kc5 Ne8 36. Bc3 Nd6 37. Be1 a4 38. Bb4 f5 39. h3 Nf7 40. Bc3 a3
41. Kb4 a2 42. Kb3 Ne5 43. Kxa2 Ng6 44. Bd2 f4 45. Bc3 Kf7 46. Kb3 Nh4 47. Kc4
Ng2 48. Bd4 Nh4 49. Bf2 Ng6 50. Kd5 Ne7+ 51. Ke5 Ng6+ 52. Kd6 Kf6 53. Kd7 Kf7
54. Be1 Ne5+ 55. Kd6 Ng6 56. Bc3 Nh4 57. Ke5 Ng6+ 58. Ke4 Nh4 59. Be1 Ng6 60.
Bd2 Ke6 61. e3 fxe3 62. Bxe3 Kf6 63. Bd4+ Kf7 64. Be5 Nh4 65. Bg3 Ng6 66. Be5
Nh4 67. Bg3 Ng6 68. f4 gxf4 69. Bxf4 h5 70. gxh5 Nxf4 71. Kxf4 1/2-1/2

[Event "37th ECC Open 2022"]
[Site "Mayrhofen AUT"]
[Date "2022.10.05"]
[Round "3.11"]
[Board "3"]
[White "Ragnarsson, Dagur"]
[Black "Petkidis, Anthony"]
[Result "0-1"]
[WhiteTitle "FM"]
[BlackTitle "IM"]
[WhiteElo "2348"]
[BlackElo "2447"]
[WhiteTeam "Fjolnir"]
[BlackTeam "Schachgesellschaft Zürich"]
[WhiteFideId "2304058"]
[BlackFideId "24673390"]
[EventDate "2022.10.03"]

1. d4 Nf6 2. c4 e6 3. Nf3 d5 4. g3 Bb4+ 5. Bd2 Bd6 6. Bg2 c6 7. O-O Nbd7 8. Qb3
O-O 9. Nc3 dxc4 10. Qxc4 e5 11. Rad1 Qe7 12. Bg5 h6 13. Bc1 e4 14. Nd2 Nb6 15.
Qb3 Bf5 16. f3 exf3 17. Nxf3 c5 18. Nh4 Be6 19. d5 Bg4 20. e4 Bxd1 21. Qxd1 Be5
22. Nf5 Qd8 23. g4 Ne8 24. g5 Nd6 25. Qg4 Kh8 26. Rf3 Nxf5 27. exf5 Bd4+ 28. Kh1
Re8 29. Ne4 Qxd5 30. Rh3 Qc4 31. Qd1 Rxe4 32. Bxe4 Bxb2 33. Bxb2 Qxe4+ 34. Kg1
Qxf5 35. Rg3 Kh7 36. gxh6 g6 37. Rf3 Qg4+ 38. Kh1 Qe4 39. Qb3 Nd5 40. Kg1 Rf8
41. Bg7 c4 42. Qa3 Qg4+ 43. Kf1 Re8 44. Rxf7 Qd1+ 45. Kg2 Re2+ 46. Kh3 Re3+ 47.
Qxe3 Nxe3 48. Bd4+ Kg8 49. Rg7+ Kf8 50. Bc5+ Ke8 51. Rg8+ Kd7 52. Rg7+ Kc6 53.
Bxe3 Qf3+ 54. Kh4 Qxe3 55. Rxg6+ Kb5 56. Rg5+ Kb4 57. a3+ Ka4 58. Rh5 Qf4+ 59.
Kh3 Qf3+ 60. Kh4 Qf6+ 61. Kh3 c3 62. h7 Qh8 0-1

[Event "37th ECC Open 2022"]
[Site "Mayrhofen AUT"]
[Date "2022.10.05"]
[Round "3.11"]
[Board "4"]
[White "Fischer, Daniel"]
[Black "Bjornsson, Sigurbjorn"]
[Result "1/2-1/2"]
[WhiteTitle "FM"]
[BlackTitle "FM"]
[WhiteElo "2407"]
[BlackElo "2308"]
[WhiteTeam "Schachgesellschaft Zürich"]
[BlackTeam "Fjolnir"]
[WhiteFideId "1328360"]
[BlackFideId "2300974"]
[EventDate "2022.10.03"]

1. e4 c5 2. Nf3 d6 3. d4 cxd4 4. Nxd4 Nf6 5. Nc3 g6 6. Be3 Bg7 7. f3 O-O 8. Qd2
Nc6 9. Bc4 Bd7 10. O-O-O Rc8 11. Bb3 Nxd4 12. Bxd4 b5 13. Nd5 Nxd5 14. Bxg7 Kxg7
15. exd5 a5 16. a3 Kg8 17. Rhe1 Rc5 18. Re3 b4 19. axb4 axb4 20. Qxb4 Qa8 21.
Bc4 Qa7 22. Rxe7 Rfc8 23. b3 Qa1+ 24. Kd2 Qb2 25. Rxd7 Rxc4 26. Qxc4 Rxc4 27.
bxc4 Qd4+ 28. Kc1 Qa1+ 29. Kd2 Qd4+ 30. Kc1 Qxc4 31. Re7 Qf4+ 32. Rd2 Qxh2 33.
c4 Qg1+ 34. Kc2 Qa1 35. Rc7 Qa2+ 36. Kc1 Qa1+ 37. Kc2 Qa2+ 38. Kc1 Qa1+ 1/2-1/2

[Event "37th ECC Open 2022"]
[Site "Mayrhofen AUT"]
[Date "2022.10.05"]
[Round "3.11"]
[Board "5"]
[White "Lagerman, Robert"]
[Black "Vogt, Lothar"]
[Result "1/2-1/2"]
[WhiteTitle "FM"]
[BlackTitle "GM"]
[WhiteElo "2305"]
[BlackElo "2331"]
[WhiteTeam "Fjolnir"]
[BlackTeam "Schachgesellschaft Zürich"]
[WhiteFideId "2300362"]
[BlackFideId "4611292"]
[EventDate "2022.10.03"]

1. e4 c5 2. Nf3 d6 3. Bb5+ Bd7 4. Bxd7+ Qxd7 5. O-O Nc6 6. Re1 Nf6 7. c3 e6 8.
d4 cxd4 9. cxd4 d5 10. e5 Ne4 11. Nbd2 Nxd2 12. Bxd2 Be7 13. Rc1 O-O 14. Qb3
Rfc8 15. Rc2 a6 16. Rec1 Na7 17. Bb4 Bxb4 18. Qxb4 Rxc2 19. Rxc2 Rc8 20. Rxc8+
Qxc8 21. h3 Qc1+ 22. Kh2 Qf4+ 23. Kg1 Qc1+ 24. Kh2 Qf4+ 25. Kg1 Qc1+ 1/2-1/2

[Event "37th ECC Open 2022"]
[Site "Mayrhofen AUT"]
[Date "2022.10.05"]
[Round "3.11"]
[Board "6"]
[White "Friedrich, Norbert"]
[Black "Finnsson, Johann Arnar"]
[Result "1-0"]
[WhiteTitle "FM"]
[WhiteElo "2243"]
[BlackElo "1891"]
[WhiteTeam "Schachgesellschaft Zürich"]
[BlackTeam "Fjolnir"]
[WhiteFideId "4602102"]
[BlackFideId "2308240"]
[EventDate "2022.10.03"]

1. e4 d5 2. exd5 Qxd5 3. Nc3 Qd8 4. d4 c6 5. Bc4 Bf5 6. Nf3 Nf6 7. Ne5 e6 8. g4
Bg6 9. h4 Bb4 10. f3 Bxc2 11. Qxc2 Qxd4 12. Qe2 Bxc3+ 13. bxc3 Qxc3+ 14. Kf2
Qxa1 15. Nxf7 O-O 16. Qxe6 Qd4+ 17. Kg2 Qd7 18. Ne5+ Qxe6 19. Bxe6+ Kh8 20. h5
Na6 21. Ng6+ hxg6 22. hxg6+ Nh5 23. Rxh5# 1-0

[Event "37th ECC Open 2022"]
[Site "Mayrhofen AUT"]
[Date "2022.10.05"]
[Round "3.12"]
[Board "1"]
[White "Dardha, Daniel"]
[Black "Shohat, Yotam"]
[Result "1-0"]
[WhiteTitle "GM"]
[BlackTitle "FM"]
[WhiteElo "2610"]
[BlackElo "2299"]
[WhiteTeam "Schachfreunde Wirtzfeld"]
[BlackTeam "Haifa-Nesher"]
[WhiteFideId "240990"]
[BlackFideId "2813955"]
[EventDate "2022.10.03"]

1. e4 c5 2. Nf3 d6 3. d4 cxd4 4. Nxd4 Nf6 5. Nc3 a6 6. Be3 e6 7. f3 b5 8. a3
Nbd7 9. g4 Nb6 10. Bd3 Bb7 11. Qe2 Rc8 12. Rd1 Be7 13. g5 Nfd7 14. h4 Ne5 15. f4
Nec4 16. Bc1 e5 17. Nf5 g6 18. Nxe7 Qxe7 19. Qf2 exf4 20. Qxf4 O-O 21. O-O d5
22. Kh2 d4 23. Ne2 Ne3 24. Bxe3 dxe3 25. Qxe3 Na4 26. b4 Nb2 27. Rd2 Nc4 28.
Bxc4 Rxc4 29. Ng3 Rfc8 30. Rff2 h5 31. Qf4 Rc3 32. Qf6 Qc7 33. Qd6 Qxd6 34. Rxd6
Rxc2 35. Kg2 Kg7 36. Rb6 Rxf2+ 37. Kxf2 Rc2+ 38. Ke3 Bc8 39. Ne2 Bg4 40. Nf4
Rc3+ 41. Kd2 Rxa3 42. Nd5 Ra2+ 43. Kd3 Ra1 44. Nf6 Rd1+ 45. Ke3 Rd8 46. Rxa6 Be6
47. Rb6 Bc4 48. Kf4 Kf8 49. Ke5 Kg7 50. Rb7 Kf8 51. Rb8 Rxb8 52. Nd7+ Ke7 53.
Nxb8 Bd3 54. Na6 Bb1 55. Nc7 Bd3 56. Kd4 Bf1 57. Ke5 Bd3 58. Nd5+ Kd7 59. Nf4
Bb1 60. Kf6 Bxe4 61. Kxf7 Kd6 62. Kf6 Bb1 63. Nxg6 Kd5 64. Ne5 Kd4 65. g6 Bxg6
66. Nc6+ 1-0

[Event "37th ECC Open 2022"]
[Site "Mayrhofen AUT"]
[Date "2022.10.05"]
[Round "3.12"]
[Board "2"]
[White "Kupervaser, Erez"]
[Black "Roeder, Matthias"]
[Result "1/2-1/2"]
[WhiteTitle "FM"]
[BlackTitle "IM"]
[WhiteElo "2351"]
[BlackElo "2357"]
[WhiteTeam "Haifa-Nesher"]
[BlackTeam "Schachfreunde Wirtzfeld"]
[WhiteFideId "2814587"]
[BlackFideId "4600223"]
[EventDate "2022.10.03"]

1. e4 c5 2. Nf3 d6 3. Bb5+ Nd7 4. O-O a6 5. Bd3 Ngf6 6. Re1 e6 7. c3 b5 8. Bc2
Bb7 9. d4 Be7 10. Nbd2 cxd4 11. cxd4 Rc8 12. a4 O-O 13. axb5 axb5 14. Bd3 b4 15.
Nb3 Nb6 16. Na5 Ba8 17. Bd2 d5 18. exd5 Bxd5 19. Ne5 Nfd7 20. Qh5 g6 21. Qe2
Nxe5 22. dxe5 Qc7 23. Ba6 Ra8 24. Bb5 Rfd8 25. Rec1 Qb8 26. Bc6 Bc4 27. Qe1 Ra6
28. Bf3 Bb5 29. Nc6 Bxc6 30. Rxa6 Bxf3 31. gxf3 Qb7 32. Qe2 Rxd2 33. Rxb6 Qd5
34. Qe4 1/2-1/2